Taylor Swift - Sad Beautiful Tragic Lyrics - Statistics

General Stats
  • This quiz has been taken 146 times
  • The average score is 154 of 188
Answer Stats
Answer % Correct
a
100%
A
100%
I
100%
be
99%
beautiful
99%
tragic
99%
you
99%
sad
97%
love
96%
affair
94%
the
94%
to
94%
your
93%
We
92%
we
92%
What
92%
and
89%
And
89%
had
89%
me
89%
in
88%
In
88%
it
88%
magic
85%
there
83%
its
82%
just
82%
they
82%
could
81%
all
79%
of
79%
you're
79%
like
78%
pocket
78%
when
78%
how
76%
listen?
76%
look
76%
try
76%
got
75%
handwritten
75%
too
75%
deep
74%
Long
74%
long
74%
fix
72%
Kiss
72%
off
72%
you've
72%
demons
71%
for
71%
notes
71%
tracks
71%
can't
69%
darling
69%
Distance
69%
is
69%
little
69%
mean
69%
train
69%
Words
69%
'Cause
68%
time
68%
back
67%
girls
67%
breakdown
65%
by
65%
fighting
65%
get
65%
late
65%
timing
65%
us
65%
runs
64%
Silence
64%
up
64%
will
64%
life
63%
wait
63%
both
61%
Good
61%
they'll
61%
cities
60%
different
60%
erasing
60%
sweet
60%
taking
60%
wake
60%
beds
58%
dreams
58%
lonely
58%
stood
58%
face
57%
locket
57%
conversation
56%
hopeful
56%
meet
56%
warm
56%
Hang
54%
right
54%
give
53%
Woah
24%
woah
24%
No matching quizzes found
Score Distribution
Percent of People with Each Score
Percentile by Number Answered
Your Score History
You have not taken this quiz